| 000 | 00665nam a22001817a 4500 | ||
|---|---|---|---|
| 999 |
_c18604 _d18604 |
||
| 003 | AR-CdUCM | ||
| 008 | 190514b ||||| |||| 00| 0 spa d | ||
| 040 |
_aMUNICIPALIDAD PROVINCIAL DEL CUSCO _cBIBLIOTECA MUNICIPAL DEL CUSCO |
||
| 082 |
_a986.306 / _bT12 |
||
| 100 |
_aTorrijos Herrera, Omar _939291 |
||
| 245 |
_aNuestra Revolución : _bDiscursos fundamentales del general Omar Torrijos Herrera / |
||
| 260 |
_aPanamá : _bMRE, _c1974. |
||
| 300 |
_a183 páginas ; _c23 páginas ; |
||
| 505 | _aDoctrina y acción -- La nueva república -- Defensa de la soberanía -- Política exterior ... | ||
| 650 |
_aPanamá. _910327 |
||
| 942 |
_2ddc _cLIBROS |
||
| 945 | _awfj | ||